Central Library OPAC University of Rajshahi

রূপ থেকে ভাবে / (Record no. 41018)

MARC details
000 -LEADER
fixed length control field 00845nam a2200229 a 4500
001 - CONTROL NUMBER
control field 41018
003 - CONTROL NUMBER IDENTIFIER
rucl marc code BD-RjUL
005 - DATE AND TIME OF LATEST TRANSACTION
control field 20211209053320.0
008 - FIXED-LENGTH DATA ELEMENTS--GENERAL INFORMATION
fixed length control field 160514s1999 ii ||||| |||| 00| 0 ben d
020 ## - INTERNATIONAL STANDARD BOOK NUMBER
International Standard Book Number 8185471657
035 ## - SYSTEM CONTROL NUMBER
System control number (BD-RjUL)41134
040 ## - CATALOGING SOURCE
Original cataloging agency BD-RjUL
Language of cataloging ben
Transcribing agency BD-RjUL
041 ## - LANGUAGE CODE
Language code of text/sound track or separate title ben
082 ## - DEWEY DECIMAL CLASSIFICATION NUMBER
Edition number 23
Classification number 891.44109
Author mark and year BHR 1999
100 ## - MAIN ENTRY--PERSONAL NAME
Personal name ভট্টাচার্য, সুতপা
9 (RLIN) 126226
245 ## - TITLE STATEMENT
Title রূপ থেকে ভাবে /
Statement of responsibility, etc. সুতপা ভট্টাচার্য,
260 ## - PUBLICATION, DISTRIBUTION, ETC. (IMPRINT)
Place of publication, distribution, etc. কলকাতা :
Name of publisher, distributor, etc. পুস্তক বিপণি,
Date of publication, distribution, etc. ২০০৫.
300 ## - PHYSICAL DESCRIPTION
Pagination ১৪৯ পৃ. ;
Size ২১ সেমি.
650 ## - SUBJECT ADDED ENTRY--TOPICAL TERM
Topical term or geographic name as entry element বাংলা কবিতা
Form subdivision ইতিহাস ও সমালোচনা
9 (RLIN) 117724
Topical term or geographic name as entry element Bengali poetry
Form subdivision History and Criticism
9 (RLIN) 117725
942 ## - ADDED ENTRY ELEMENTS (KOHA)
Source of classification or shelving scheme Dewey Decimal Classification
Koha item type Books
Holdings
Lost status Source of classification or shelving scheme Damaged status Not for loan Collection code Permanent Location Current Location Shelving location Date acquired Source of acquisition Cost, normal purchase price Total Checkouts Full call number Date last seen Copy number Koha item type Date checked out
  Dewey Decimal Classification     Non-fiction Central Library, University of Rajshahi Central Library, University of Rajshahi General Stacks 02/03/2008 Praragon enterprise,Dhaka 60.00   B 891.44109 BHR 1999 14/05/2016 C-2 Books  
  Dewey Decimal Classification     Non-fiction Central Library, University of Rajshahi Central Library, University of Rajshahi   02/03/2008 ঢাকা, প্যারাগন ইন্টারপ্রাইজ 60.00   B 891.44109 BHR 1999 13/08/2016 C-3 Books  
  Dewey Decimal Classification     Non-fiction Central Library, University of Rajshahi Central Library, University of Rajshahi   02/03/2008 ঢাকা, প্যারাগন ইন্টারপ্রাইজ 60.00 1 B 891.44109 BHR 1999 28/04/2026 C-4 Books 27/04/2026
  Dewey Decimal Classification     Non-fiction Central Library, University of Rajshahi Central Library, University of Rajshahi   02/03/2008 Paragon Enterprise Ltd.Dhaka. 60.00   B 891.44109 BHR 1999 02/11/2016 C-5 Books  
  Dewey Decimal Classification   Not For Loan Non-fiction Central Library, University of Rajshahi Central Library, University of Rajshahi Reading Room 02/03/2008 Dhaka, Paragon ent. Ltd. 60.00   B 891.44109 BHR 1999 13/02/2017 C-1 Books